It's the End of the World as We Know It (And I Feel Fine) lyrics - R.E.M. - Statistics

General Stats
  • This quiz has been taken 967 times
    146 since last reset
  • The average score is 238 of 411
Answer Stats
Lyrics % Correct
it /
100%
a
99%
I
99%
(It's
99%
of
99%
a
98%
A
98%
It
98%
it
98%
it,
98%
it (x2) /
98%
it (x3) /
98%
The
98%
the
98%
World
98%
world
98%
a
96%
an
96%
and
96%
And
96%
in
96%
end
94%
we
94%
as
93%
Fine
92%
fine /
92%
know
92%
its
91%
It's
91%
(It's
91%
(it's
91%
feel
90%
to
87%
You
86%
a
84%
your
84%
no
82%
is
80%
not
79%
that
77%
with
77%
With
77%
do.
72%
earthquake, /
72%
listen
72%
Listen
72%
starts
72%
Bruce
71%
Bruce,
71%
Lenny
70%
That's
70%
yourself
68%
yourself,
68%
yourself /
68%
hurricane,
67%
afraid /
66%
great!
66%
snakes,
66%
Eye
64%
Birds
63%
churn /
61%
aeroplane /
60%
him
57%
in
57%
In
57%
needs,
53%
needs /
53%
own
53%
down,
50%
down
50%
down /
50%
Don't
48%
me
48%
serve
48%
right,
47%
right /
47%
right?
47%
Right. /
47%
for
43%
serves
43%
time
41%
oh,
40%
fear
36%
fear,
36%
heart
36%
neck /
35%
neck,
35%
some
33%
Leonard
32%
up
32%
Bernstein,
31%
breathing
31%
sit
31%
burn,
30%
combat
30%
had
30%
this
30%
Uh
30%
fire,
29%
government
29%
night
29%
alone) /
28%
alone) / ...
28%
alone) (x2) /
28%
patriotic,
28%
Feeling
27%
hire
27%
site /
27%
pretty
26%
at
25%
fight,
25%
get
25%
of
25%
But
24%
furies
24%
overflow,
24%
cheesecake,
23%
clatter
23%
jelly
23%
population,
23%
then /
23%
Birthday
22%
decline /
22%
lies /
22%
light /
22%
Light
22%
light
22%
tournament,
22%
tournament /
22%
tournament
22%
boom! /
21%
by
21%
hurry /
21%
ladder
21%
Lester
21%
seven
21%
Offer
20%
offer
20%
party,
20%
slam,
20%
slam
20%
games /
19%
Leonid
19%
Look
19%
reporters
19%
Wire
19%
Left
18%
mis-serve
18%
solutions,
18%
alternatives /
17%
Brezhnev /
17%
cavalier /
17%
grunt,
17%
height
17%
height /
17%
other
17%
psyched /
17%
hour /
16%
rapture
16%
TV
16%
Bangs /
15%
beans,
15%
caught
15%
clear! /
15%
means
15%
Save
15%
symbiotic,
15%
book
14%
but
14%
coming
14%
don't
14%
Every
14%
Six
14%
Step
14%
step
14%
Team
14%
team
14%
Tell
14%
representing
13%
return /
13%
steer
13%
baffled,
12%
low
12%
o'clock -
12%
Renegade
12%
bright
11%
Continental
11%
foreign
11%
bleed /
10%
burning,
10%
drift
10%
line /
10%
notch
10%
trump,
10%
Watch
10%
west
10%
candle,
9%
crush,
9%
Speed
9%
strength /
9%
common
8%
heel
8%
tethered,
8%
divide /
7%
it'll
7%
motive
7%
Slash
7%
votive /
7%
bloodletting /
6%
crop /
6%
Mountains
6%
speed,
6%
tripped
6%
vitriolic,
6%
escalate,
5%
incinerate /
5%
automotive
4%
nice /
4%
tower /
4%
crush /
3%
reverent
3%
food /
2%
uniform
2%
plane!
1%
Lock
0%
No matching quizzes found
Score Distribution
Percent of People with Each Score
Percentile by Number Answered
Your Score History
You have not taken this quiz since the last reset